00512nam a2200193 a 4500001001300000003000900013005001700022008004100039020001000080082001500090100002100105245003800126260005400164300000900218500003500227505001000262650002500272700002100297nice12345678IN_TiNIC20260116013644.0050524s1983 isla grp 000 0 eng  ac72000a725.2bKHA aKhan, Ahmed Nabi aMultanb History and Architecture aIslamabadbInst.Of Islamic History, Culturec1983 a390p aincludes index and biblioraphy2 aIndex aArchitecture-Islamic1 aKhan, Ahmed Nabi